[Event "11th LCC Super Blitz 2019"]
[Site "London"]
[Date "2019.12.08"]
[Round "2.11"]
[White "Caceres De La Calle, Eduardo"]
[Black "Watson, Mikey J"]
[Result "1/2-1/2"]
[WhiteElo "1575"]
[BlackElo "1748"]
[Annotator "NA"]
[PlyCount "102"]
[EventDate "2019.12.08"]
[EventType "swiss"]
[EventCountry "ENG"]
[SourceTitle "playchess.com"]
[Source "ChessBase"]
[SourceQuality "1"]
[TimeControl "180+2"]

1. c4 {[%emt 0:00:00]} e5 {[%emt 0:00:00]} 2. Nc3 {[%emt 0:00:01]} f5 {[%emt 0:00:00]} 3. g3 {[%emt 0:00:02]} Nf6 {[%emt 0:00:02]} 4. Bg2 {[%emt 0:00:01]} Be7 {[%emt 0:00:02]} 5. e3 {[%emt 0:00:02]} c6 {[%emt 0:00:02]} 6. Nge2 {[%emt 0:00:01]} O-O {[%emt 0:00:03]} 7. O-O {[%emt 0:00:03]} Kh8 {[%emt 0:00:04]} 8. d3 {[%emt 0:00:02]} d5 {[%emt 0:00:03]} 9. cxd5 {[%emt 0:00:02]} cxd5 {[%emt 0:00:01]} 10. Qb3 {[%emt 0:00:18]} e4 {[%emt 0:00:04]} 11. dxe4 {[%emt 0:00:06]} dxe4 {[%emt 0:00:01]} 12. Rd1 {[%emt 0:00:11]} Qc7 {[%emt 0:00:10]} 13. Nf4 {[%emt 0:00:03]} Nc6 {[%emt 0:00:07]} 14. Bd2 {[%emt 0:00:09]} Qe5 {[%emt 0:00:09]} 15. Nce2 {[%emt 0:00:13]} Na5 {[%emt 0:00:25]} 16. Qc2 {[%emt 0:00:09]} Bd7 {[%emt 0:00:07]} 17. Bc3 {[%emt 0:00:03]} Qc7 {[%emt 0:00:02]} 18. Rac1 {[%emt 0:00:11]} Rac8 {[%emt 0:00:02]} 19. Qb1 {[%emt 0:00:08]} Nc6 {[%emt 0:00:25]} 20. Nd4 {[%emt 0:00:04]} Qb6 {[%emt 0:00:21]} 21. Nxc6 {[%emt 0:00:22]} Bxc6 {[%emt 0:00:04]} 22. Bd4 {[%emt 0:00:28]} Qa6 {[%emt 0:00:08]} 23. Bf1 {[%emt 0:00:06]} Bb5 {[%emt 0:00:03]} 24. Bxb5 {[%emt 0:00:07]} Qxb5 {[%emt 0:00:01]} 25. a3 {[%emt 0:00:17]} Rfd8 {[%emt 0:00:14]} 26. Rxc8 {[%emt 0:00:19]} Rxc8 {[%emt 0:00:02]} 27. Rc1 {[%emt 0:00:03]} Qd7 {[%emt 0:00:10]} 28. Rxc8+ {[%emt 0:00:04]} Qxc8 {[%emt 0:00:01]} 29. Bxa7 {[%emt 0:00:04]} Bd6 {[%emt 0:00:10]} 30. Bd4 {[%emt 0:00:03]} Bxf4 {[%emt 0:00:02]} 31. Bxf6 {[%emt 0:00:05]} Bd6 {[%emt 0:00:04]} 32. Bd4 {[%emt 0:00:01]} Qc4 {[%emt 0:00:03]} 33. b3 {[%emt 0:00:05]} Qc6 {[%emt 0:00:22]} 34. Qb2 {[%emt 0:00:02]} Bf8 {[%emt 0:00:05]} 35. a4 {[%emt 0:00:01]} Kg8 {[%emt 0:00:02]} 36. Qc3 {[%emt 0:00:07]} Qxc3 {[%emt 0:00:05]} 37. Bxc3 {[%emt 0:00:00]} Kf7 {[%emt 0:00:02]} 38. Kf1 {[%emt 0:00:00]} g6 {[%emt 0:00:01]} 39. h4 {[%emt 0:00:00]} Ke6 {[%emt 0:00:01]} 40. Ke2 {[%emt 0:00:01]} Kd5 {[%emt 0:00:02]} 41. Kd2 {[%emt 0:00:02]} Bd6 {[%emt 0:00:12]} 42. Kc2 {[%emt 0:00:01]} Kc6 {[%emt 0:00:05]} 43. Bd4 {[%emt 0:00:01]} b5 {[%emt 0:00:02]} 44. axb5+ {[%emt 0:00:01]} Kxb5 {[%emt 0:00:01]} 45. Bb2 {[%emt 0:00:02]} Bb4 {[%emt 0:00:05]} 46. Bc3 {[%emt 0:00:05]} Bd6 {[%emt 0:00:02]} 47. Be1 {[%emt 0:00:01]} Be5 {[%emt 0:00:04]} 48. Bd2 {[%emt 0:00:02]} Kc5 {[%emt 0:00:02]} 49. Be1 {[%emt 0:00:06]} Kb5 {[%emt 0:00:02]} 50. Bd2 {[%emt 0:00:00]} Kc5 {[%emt 0:00:02]} 51. Be1 {[%emt 0:00:02]} Kb5 {[%emt 0:00:01]} 1/2-1/2

[Event "11th LCC Super Blitz 2019"]
[Site "London"]
[Date "2019.12.08"]
[Round "2.11"]
[White "Manmay Chopra"]
[Black "Mohnblatt, Nicolas"]
[Result "0-1"]
[WhiteElo "1354"]
[BlackElo "1689"]
[Annotator "NA"]
[PlyCount "24"]
[EventDate "2019.12.08"]
[EventType "swiss"]
[EventCountry "ENG"]
[SourceTitle "playchess.com"]
[Source "ChessBase"]
[SourceQuality "1"]
[TimeControl "180+2"]

1. d4 {[%emt 0:00:00]} Nf6 {[%emt 0:00:00]} 2. Nf3 {[%emt 0:00:02]} d5 {[%emt 0:00:00]} 3. c4 {[%emt 0:00:04]} e6 {[%emt 0:00:02]} 4. Nc3 {[%emt 0:00:02]} Bb4 {[%emt 0:00:01]} 5. a3 {[%emt 0:00:09]} Bxc3+ {[%emt 0:00:01]} 6. bxc3 {[%emt 0:00:02]} O-O {[%emt 0:00:03]} 7. e3 {[%emt 0:00:03]} Nbd7 {[%emt 0:00:11]} 8. Bd3 {[%emt 0:00:06]} a6 {[%emt 0:00:05]} 9. cxd5 {[%emt 0:00:08]} exd5 {[%emt 0:00:01]} 10. c4 {[%emt 0:00:02]} dxc4 {[%emt 0:00:03]} 11. Bxc4 {[%emt 0:00:01]} b5 {[%emt 0:00:01]} 12. Bd3 {[%emt 0:00:02]} Bb7 {[%emt 0:00:01]} 0-1

[Event "11th LCC Super Blitz 2019"]
[Site "London"]
[Date "2019.12.08"]
[Round "2.12"]
[White "Van Zyl-Rudd, Jack"]
[Black "Neo, Jing Yi Mischa"]
[Result "1-0"]
[WhiteElo "2290"]
[BlackElo "1240"]
[Annotator "NA"]
[PlyCount "49"]
[EventDate "2019.12.08"]
[EventType "swiss"]
[EventCountry "ENG"]
[SourceTitle "playchess.com"]
[Source "ChessBase"]
[SourceQuality "1"]
[TimeControl "180+2"]

1. e4 {[%emt 0:00:01]} c5 {[%emt 0:00:00]} 2. Nf3 {[%emt 0:00:01]} d6 {[%emt 0:00:00]} 3. Nc3 {[%emt 0:00:01]} g6 {[%emt 0:00:01]} 4. d4 {[%emt 0:00:01]} cxd4 {[%emt 0:00:04]} 5. Qxd4 {[%emt 0:00:02]} Nf6 {[%emt 0:00:06]} 6. e5 {[%emt 0:00:02]} dxe5 {[%emt 0:00:18]} 7. Qxd8+ {[%emt 0:00:02]} Kxd8 {[%emt 0:00:01]} 8. Nxe5 {[%emt 0:00:01]} Ke8 {[%emt 0:00:14]} 9. Bg5 {[%emt 0:00:04]} Bg7 {[%emt 0:00:11]} 10. O-O-O {[%emt 0:00:06]} Bf5 {[%emt 0:00:08]} 11. Bc4 {[%emt 0:00:08]} e6 {[%emt 0:00:11]} 12. Nb5 {[%emt 0:00:03]} Na6 {[%emt 0:00:12]} 13. Nd6+ {[%emt 0:00:01]} Ke7 {[%emt 0:00:32]} 14. Ndxf7 {[%emt 0:00:03]} Kf8 {[%emt 0:00:29]} 15. Nxh8 {[%emt 0:00:06]} Bxh8 {[%emt 0:00:13]} 16. Bxf6 {[%emt 0:00:05]} Bxf6 {[%emt 0:00:04]} 17. Nd7+ {[%emt 0:00:01]} Kf7 {[%emt 0:00:05]} 18. Nxf6 {[%emt 0:00:02]} Kxf6 {[%emt 0:00:02]} 19. Bxa6 {[%emt 0:00:02]} bxa6 {[%emt 0:00:01]} 20. f3 {[%emt 0:00:01]} Rc8 {[%emt 0:00:05]} 21. Rd2 {[%emt 0:00:02]} a5 {[%emt 0:00:03]} 22. g4 {[%emt 0:00:01]} Bxg4 {[%emt 0:00:39]} 23. fxg4 {[%emt 0:00:02]} e5 {[%emt 0:00:02]} 24. Rf1+ {[%emt 0:00:01]} Ke6 {[%emt 0:00:02]} 25. g5 {[%emt 0:00:02]} 1-0

[Event "11th LCC Super Blitz 2019"]
[Site "London"]
[Date "2019.12.08"]
[Round "2.12"]
[White "Manmay Chopra"]
[Black "Mohnblatt, Nicolas"]
[Result "0-1"]
[WhiteElo "1354"]
[BlackElo "1689"]
[Annotator "NA"]
[PlyCount "74"]
[EventDate "2019.12.08"]
[EventType "swiss"]
[EventCountry "ENG"]
[SourceTitle "playchess.com"]
[Source "ChessBase"]
[SourceQuality "1"]
[TimeControl "180+2"]

1. d4 {[%emt 0:00:00]} Nf6 {[%emt 0:00:00]} 2. Nf3 {[%emt 0:00:02]} d5 {[%emt 0:00:00]} 3. c4 {[%emt 0:00:04]} e6 {[%emt 0:00:02]} 4. Nc3 {[%emt 0:00:02]} Bb4 {[%emt 0:00:01]} 5. a3 {[%emt 0:00:09]} Bxc3+ {[%emt 0:00:01]} 6. bxc3 {[%emt 0:00:02]} O-O {[%emt 0:00:03]} 7. e3 {[%emt 0:00:03]} Nbd7 {[%emt 0:00:11]} 8. Bd3 {[%emt 0:00:06]} a6 {[%emt 0:00:05]} 9. cxd5 {[%emt 0:00:08]} exd5 {[%emt 0:00:01]} 10. c4 {[%emt 0:00:02]} dxc4 {[%emt 0:00:03]} 11. Bxc4 {[%emt 0:00:01]} b5 {[%emt 0:00:01]} 12. Bd3 {[%emt 0:00:02]} Bb7 {[%emt 0:00:01]} 13. O-O {[%emt 0:00:11]} c5 {[%emt 0:00:02]} 14. Bb2 {[%emt 0:00:13]} c4 {[%emt 0:00:03]} 15. Be2 {[%emt 0:00:01]} Rc8 {[%emt 0:00:02]} 16. Bc3 {[%emt 0:00:01]} Ne4 {[%emt 0:00:07]} 17. Qc2 {[%emt 0:00:07]} Ndf6 {[%emt 0:00:12]} 18. Nd2 {[%emt 0:00:05]} Re8 {[%emt 0:00:28]} 19. Nxe4 {[%emt 0:00:04]} Nxe4 {[%emt 0:00:11]} 20. Bf3 {[%emt 0:00:01]} Qg5 {[%emt 0:00:11]} 21. Be1 {[%emt 0:00:42]} Ba8 {[%emt 0:00:24]} 22. Rc1 {[%emt 0:00:18]} h5 {[%emt 0:00:12]} 23. Qe2 {[%emt 0:00:13]} h4 {[%emt 0:00:07]} 24. Bxe4 {[%emt 0:00:05]} Bxe4 {[%emt 0:00:02]} 25. f4 {[%emt 0:00:01]} Qh6 {[%emt 0:00:15]} 26. Qf2 {[%emt 0:00:04]} Bd3 {[%emt 0:00:09]} 27. Bd2 {[%emt 0:00:29]} Bxf1 {[%emt 0:00:04]} 28. Qxf1 {[%emt 0:00:01]} Qc6 {[%emt 0:00:07]} 29. Qf2 {[%emt 0:00:05]} Qh6 {[%emt 0:00:22]} 30. f5 {[%emt 0:00:17]} h3 {[%emt 0:00:03]} 31. e4 {[%emt 0:00:01]} Qc6 {[%emt 0:00:06]} 32. d5 {[%emt 0:00:02]} Qc5 {[%emt 0:00:01]} 33. Be3 {[%emt 0:00:09]} Qxa3 {[%emt 0:00:02]} 34. gxh3 {[%emt 0:00:02]} Rxe4 {[%emt 0:00:02]} 35. Re1 {[%emt 0:00:09]} Rce8 {[%emt 0:00:03]} 36. Bd2 {[%emt 0:00:06]} Rxe1+ {[%emt 0:00:02]} 37. Bxe1 {[%emt 0:00:01]} Qxh3 {[%emt 0:00:02]} 0-1

[Event "11th LCC Super Blitz 2019"]
[Site "London"]
[Date "2019.12.08"]
[Round "2.13"]
[White "Jackson, Julius"]
[Black "Ball, Charlie J"]
[Result "0-1"]
[WhiteElo "1584"]
[BlackElo "1249"]
[Annotator "NA"]
[PlyCount "62"]
[EventDate "2019.12.08"]
[EventType "swiss"]
[EventCountry "ENG"]
[SourceTitle "playchess.com"]
[Source "ChessBase"]
[SourceQuality "1"]
[TimeControl "180+2"]

1. e4 {[%emt 0:00:00]} d6 {[%emt 0:00:00]} 2. d4 {[%emt 0:00:02]} Nf6 {[%emt 0:00:00]} 3. Nc3 {[%emt 0:00:01]} Nbd7 {[%emt 0:00:02]} 4. Nf3 {[%emt 0:00:02]} e5 {[%emt 0:00:01]} 5. Bc4 {[%emt 0:00:08]} h6 {[%emt 0:00:02]} 6. Be3 {[%emt 0:00:10]} Be7 {[%emt 0:00:04]} 7. O-O {[%emt 0:00:05]} c6 {[%emt 0:00:05]} 8. Qd2 {[%emt 0:00:06]} Qc7 {[%emt 0:00:02]} 9. Rad1 {[%emt 0:00:05]} Nf8 {[%emt 0:00:09]} 10. Rfe1 {[%emt 0:00:10]} Bg4 {[%emt 0:00:03]} 11. Be2 {[%emt 0:00:12]} g5 {[%emt 0:00:03]} 12. h3 {[%emt 0:00:04]} Bd7 {[%emt 0:00:01]} 13. dxe5 {[%emt 0:00:19]} dxe5 {[%emt 0:00:01]} 14. Bc4 {[%emt 0:00:08]} Ng6 {[%emt 0:00:06]} 15. Qd3 {[%emt 0:00:15]} g4 {[%emt 0:00:06]} 16. hxg4 {[%emt 0:00:04]} Nxg4 {[%emt 0:00:05]} 17. Ne2 {[%emt 0:00:18]} h5 {[%emt 0:00:26]} 18. Bg5 {[%emt 0:00:10]} h4 {[%emt 0:00:11]} 19. Bxe7 {[%emt 0:00:06]} Kxe7 {[%emt 0:00:10]} 20. Ng5 {[%emt 0:00:15]} Raf8 {[%emt 0:00:07]} 21. Bxf7 {[%emt 0:00:04]} Rh5 {[%emt 0:00:05]} 22. Bxg6 {[%emt 0:00:05]} Rxg5 {[%emt 0:00:04]} 23. Bf5 {[%emt 0:00:16]} Bxf5 {[%emt 0:00:06]} 24. exf5 {[%emt 0:00:02]} Rgxf5 {[%emt 0:00:02]} 25. f3 {[%emt 0:00:01]} Nf2 {[%emt 0:00:02]} 26. Kxf2 {[%emt 0:00:05]} h3 {[%emt 0:00:03]} 27. gxh3 {[%emt 0:00:05]} Qb6+ {[%emt 0:00:02]} 28. Qe3 {[%emt 0:00:04]} Rxf3+ {[%emt 0:00:01]} 29. Kg1 {[%emt 0:00:05]} Qxe3+ {[%emt 0:00:04]} 30. Kg2 {[%emt 0:00:06]} Qf2+ {[%emt 0:00:01]} 31. Kh1 {[%emt 0:00:01]} Rxh3# {[%emt 0:00:02]} 0-1

[Event "11th LCC Super Blitz 2019"]
[Site "London"]
[Date "2019.12.08"]
[Round "2.13"]
[White "Fisher, Neal"]
[Black "Tombolis, Christopher"]
[Result "1/2-1/2"]
[WhiteElo "1522"]
[BlackElo "1655"]
[Annotator "NA"]
[PlyCount "128"]
[EventDate "2019.12.08"]
[EventType "swiss"]
[EventCountry "ENG"]
[SourceTitle "playchess.com"]
[Source "ChessBase"]
[SourceQuality "1"]
[TimeControl "180+2"]

1. d4 {[%emt 0:00:01]} d5 {[%emt 0:00:00]} 2. Bf4 {[%emt 0:00:02]} Nf6 {[%emt 0:00:02]} 3. Nf3 {[%emt 0:00:03]} c5 {[%emt 0:00:00]} 4. e3 {[%emt 0:00:01]} Nc6 {[%emt 0:00:02]} 5. c3 {[%emt 0:00:01]} Qb6 {[%emt 0:00:01]} 6. Qb3 {[%emt 0:00:02]} c4 {[%emt 0:00:01]} 7. Qc2 {[%emt 0:00:02]} Bf5 {[%emt 0:00:01]} 8. Qc1 {[%emt 0:00:05]} e6 {[%emt 0:00:17]} 9. Nbd2 {[%emt 0:00:03]} Be7 {[%emt 0:00:12]} 10. Be2 {[%emt 0:00:06]} O-O {[%emt 0:00:02]} 11. Nh4 {[%emt 0:00:14]} Bg6 {[%emt 0:00:09]} 12. Nxg6 {[%emt 0:00:02]} hxg6 {[%emt 0:00:01]} 13. h4 {[%emt 0:00:01]} Nh5 {[%emt 0:00:10]} 14. Bxh5 {[%emt 0:00:06]} gxh5 {[%emt 0:00:01]} 15. Rh3 {[%emt 0:00:18]} Qd8 {[%emt 0:00:08]} 16. Qd1 {[%emt 0:00:05]} g6 {[%emt 0:00:10]} 17. Nf3 {[%emt 0:00:04]} Bf6 {[%emt 0:00:25]} 18. Bg5 {[%emt 0:00:16]} Bxg5 {[%emt 0:00:07]} 19. Nxg5 {[%emt 0:00:03]} e5 {[%emt 0:00:45]} 20. g4 {[%emt 0:00:02]} hxg4 {[%emt 0:00:06]} 21. Qxg4 {[%emt 0:00:03]} Qc8 {[%emt 0:00:02]} 22. Qxc8 {[%emt 0:00:23]} Raxc8 {[%emt 0:00:01]} 23. h5 {[%emt 0:00:02]} gxh5 {[%emt 0:00:26]} 24. Rxh5 {[%emt 0:00:01]} f6 {[%emt 0:00:01]} 25. Ne6 {[%emt 0:00:09]} Rfe8 {[%emt 0:00:01]} 26. Nc5 {[%emt 0:00:03]} b6 {[%emt 0:00:01]} 27. Na4 {[%emt 0:00:14]} exd4 {[%emt 0:00:07]} 28. O-O-O {[%emt 0:00:06]} Ne5 {[%emt 0:00:15]} 29. Rg1+ {[%emt 0:00:01]} Kf7 {[%emt 0:00:04]} 30. cxd4 {[%emt 0:00:06]} Nd3+ {[%emt 0:00:10]} 31. Kd2 {[%emt 0:00:10]} Rg8 {[%emt 0:00:01]} 32. Rh7+ {[%emt 0:00:08]} Ke6 {[%emt 0:00:00]} 33. Rxg8 {[%emt 0:00:02]} Rxg8 {[%emt 0:00:00]} 34. Rxa7 {[%emt 0:00:03]} Rg2 {[%emt 0:00:03]} 35. Nc3 {[%emt 0:00:08]} Rxf2+ {[%emt 0:00:02]} 36. Ne2 {[%emt 0:00:02]} Nxb2 {[%emt 0:00:06]} 37. Ra6 {[%emt 0:00:06]} c3+ {[%emt 0:00:05]} 38. Kxc3 {[%emt 0:00:04]} Rxe2 {[%emt 0:00:01]} 39. Rxb6+ {[%emt 0:00:02]} Kf5 {[%emt 0:00:02]} 40. Rxb2 {[%emt 0:00:03]} Rxe3+ {[%emt 0:00:02]} 41. Kb4 {[%emt 0:00:04]} Rd3 {[%emt 0:00:04]} 42. Kc5 {[%emt 0:00:01]} Ke4 {[%emt 0:00:07]} 43. Re2+ {[%emt 0:00:03]} Kf3 {[%emt 0:00:01]} 44. Re6 {[%emt 0:00:03]} Ra3 {[%emt 0:00:00]} 45. Rxf6+ {[%emt 0:00:02]} Ke4 {[%emt 0:00:01]} 46. Re6+ {[%emt 0:00:07]} Kf5 {[%emt 0:00:01]} 47. Re5+ {[%emt 0:00:01]} Kf6 {[%emt 0:00:01]} 48. Rxd5 {[%emt 0:00:01]} Rxa2 {[%emt 0:00:02]} 49. Kc4 {[%emt 0:00:05]} Ke6 {[%emt 0:00:01]} 50. Rb5 {[%emt 0:00:02]} Rc2+ {[%emt 0:00:02]} 51. Kd3 {[%emt 0:00:01]} Rc7 {[%emt 0:00:01]} 52. Re5+ {[%emt 0:00:06]} Kd6 {[%emt 0:00:00]} 53. Rh5 {[%emt 0:00:02]} Rg7 {[%emt 0:00:03]} 54. Rh6+ {[%emt 0:00:01]} Kd5 {[%emt 0:00:00]} 55. Rh5+ {[%emt 0:00:01]} Kd6 {[%emt 0:00:01]} 56. Kc4 {[%emt 0:00:03]} Rc7+ {[%emt 0:00:01]} 57. Kd3 {[%emt 0:00:01]} Rg7 {[%emt 0:00:00]} 58. Rh6+ {[%emt 0:00:02]} Kd5 {[%emt 0:00:01]} 59. Rh5+ {[%emt 0:00:01]} Kd6 60. Rh6+ {[%emt 0:00:05]} Kd5 {[%emt 0:00:00]} 61. Rh5+ {[%emt 0:00:04]} Kd6 {[%emt 0:00:01]} 62. Ke4 {[%emt 0:00:06]} Rg4+ {[%emt 0:00:01]} 63. Kd3 {[%emt 0:00:03]} Rg7 {[%emt 0:00:01]} 64. Rh6+ {[%emt 0:00:02]} Kd5 {[%emt 0:00:01]} 1/2-1/2

[Event "11th LCC Super Blitz 2019"]
[Site "London"]
[Date "2019.12.08"]
[Round "2.13"]
[White "Essis, Essoh Jean Mathieu C"]
[Black "Brass, Ezra"]
[Result "0-1"]
[WhiteElo "1438"]
[BlackElo "1628"]
[Annotator "NA"]
[PlyCount "26"]
[EventDate "2019.12.08"]
[EventType "swiss"]
[EventCountry "ENG"]
[SourceTitle "playchess.com"]
[Source "ChessBase"]
[SourceQuality "1"]
[TimeControl "180+2"]

1. d4 {[%emt 0:00:03]} Nf6 {[%emt 0:00:00]} 2. Bf4 {[%emt 0:00:03]} d6 {[%emt 0:00:03]} 3. Nd2 {[%emt 0:00:04]} Nbd7 {[%emt 0:00:13]} 4. Ngf3 {[%emt 0:00:01]} e6 {[%emt 0:00:03]} 5. e3 {[%emt 0:00:01]} Be7 {[%emt 0:00:02]} 6. c3 {[%emt 0:00:02]} b6 {[%emt 0:00:03]} 7. Bb5 {[%emt 0:00:03]} Bb7 {[%emt 0:00:04]} 8. Qa4 {[%emt 0:00:07]} a6 {[%emt 0:00:03]} 9. Bc6 {[%emt 0:00:01]} Bxc6 {[%emt 0:00:10]} 10. Qxc6 {[%emt 0:00:02]} O-O {[%emt 0:00:03]} 11. O-O {[%emt 0:00:14]} Ra7 {[%emt 0:00:12]} 12. a4 {[%emt 0:00:10]} Qa8 {[%emt 0:00:05]} 13. Qxd7 {[%emt 0:00:07]} Nxd7 {[%emt 0:00:00]} 0-1

[Event "11th LCC Super Blitz 2019"]
[Site "London"]
[Date "2019.12.08"]
[Round "2.15"]
[White "Pham, Catherine"]
[Black "Toh, Q Kane"]
[Result "0-1"]
[WhiteElo "1280"]
[BlackElo "1606"]
[Annotator "NA"]
[PlyCount "56"]
[EventDate "2019.12.08"]
[EventType "swiss"]
[EventCountry "ENG"]
[SourceTitle "playchess.com"]
[Source "ChessBase"]
[SourceQuality "1"]
[TimeControl "180+2"]

1. e4 {[%emt 0:00:00]} c6 {[%emt 0:00:00]} 2. Nc3 {[%emt 0:00:04]} d5 {[%emt 0:00:00]} 3. exd5 {[%emt 0:00:02]} cxd5 {[%emt 0:00:01]} 4. Nf3 {[%emt 0:00:04]} Nc6 {[%emt 0:00:01]} 5. d4 {[%emt 0:00:03]} Bg4 {[%emt 0:00:01]} 6. Be3 {[%emt 0:00:04]} e6 {[%emt 0:00:02]} 7. h3 {[%emt 0:00:03]} Bh5 {[%emt 0:00:02]} 8. Be2 {[%emt 0:00:05]} Nf6 {[%emt 0:00:02]} 9. O-O {[%emt 0:00:03]} Be7 {[%emt 0:00:02]} 10. Qd2 {[%emt 0:00:04]} O-O {[%emt 0:00:05]} 11. a3 {[%emt 0:00:04]} Rc8 {[%emt 0:00:02]} 12. Rac1 {[%emt 0:00:13]} Na5 {[%emt 0:00:02]} 13. Ne5 {[%emt 0:00:13]} Bxe2 {[%emt 0:00:12]} 14. Nxe2 {[%emt 0:00:10]} Nc4 {[%emt 0:00:18]} 15. Nxc4 {[%emt 0:00:09]} Rxc4 {[%emt 0:00:01]} 16. c3 {[%emt 0:00:02]} Qc7 {[%emt 0:00:28]} 17. Qd3 {[%emt 0:00:03]} b5 {[%emt 0:00:10]} 18. Ng3 {[%emt 0:00:10]} a5 {[%emt 0:00:12]} 19. Qe2 {[%emt 0:00:21]} Rc8 {[%emt 0:00:08]} 20. Qf3 {[%emt 0:00:24]} Qd7 {[%emt 0:00:26]} 21. Nh5 {[%emt 0:00:17]} Nxh5 {[%emt 0:00:06]} 22. Qxh5 {[%emt 0:00:03]} g6 {[%emt 0:00:03]} 23. Qh6 {[%emt 0:00:17]} Bf8 {[%emt 0:00:01]} 24. Qg5 {[%emt 0:00:04]} b4 {[%emt 0:00:22]} 25. axb4 {[%emt 0:00:07]} axb4 {[%emt 0:00:00]} 26. Bf4 {[%emt 0:00:15]} bxc3 {[%emt 0:00:14]} 27. bxc3 {[%emt 0:00:11]} Rxc3 {[%emt 0:00:04]} 28. Be5 {[%emt 0:00:12]} Bg7 {[%emt 0:00:13]} 0-1

[Event "11th LCC Super Blitz 2019"]
[Site "London"]
[Date "2019.12.08"]
[Round "2.15"]
[White "Patel, Zain"]
[Black "Kirupakaran, Vishnu"]
[Result "1-0"]
[WhiteElo "1253"]
[BlackElo "1871"]
[Annotator "NA"]
[PlyCount "67"]
[EventDate "2019.12.08"]
[EventType "swiss"]
[EventCountry "ENG"]
[SourceTitle "playchess.com"]
[Source "ChessBase"]
[SourceQuality "1"]
[TimeControl "180+2"]

1. e4 {[%emt 0:00:00]} c5 {[%emt 0:00:00]} 2. Nf3 {[%emt 0:00:03]} d6 {[%emt 0:00:00]} 3. d4 {[%emt 0:00:02]} cxd4 {[%emt 0:00:01]} 4. Nxd4 {[%emt 0:00:02]} Nf6 {[%emt 0:00:02]} 5. Nc3 {[%emt 0:00:01]} a6 {[%emt 0:00:01]} 6. Be3 {[%emt 0:00:02]} e5 {[%emt 0:00:03]} 7. Nb3 {[%emt 0:00:02]} Be7 {[%emt 0:00:02]} 8. f3 {[%emt 0:00:02]} Be6 {[%emt 0:00:03]} 9. Qd2 {[%emt 0:00:02]} O-O {[%emt 0:00:34]} 10. O-O-O {[%emt 0:00:04]} Nbd7 {[%emt 0:00:02]} 11. Be2 {[%emt 0:00:02]} b5 {[%emt 0:00:02]} 12. a3 {[%emt 0:00:01]} Rc8 {[%emt 0:00:25]} 13. Kb1 {[%emt 0:00:02]} Nb6 {[%emt 0:00:10]} 14. h4 {[%emt 0:00:06]} Nc4 {[%emt 0:00:02]} 15. Bxc4 {[%emt 0:00:02]} Bxc4 {[%emt 0:00:03]} 16. h5 {[%emt 0:00:03]} a5 {[%emt 0:00:08]} 17. g4 {[%emt 0:00:15]} Ra8 {[%emt 0:01:36]} 18. g5 {[%emt 0:00:06]} Nd7 {[%emt 0:00:11]} 19. g6 {[%emt 0:00:03]} b4 {[%emt 0:00:03]} 20. Nd5 {[%emt 0:00:20]} Bxb3 {[%emt 0:00:08]} 21. cxb3 {[%emt 0:00:14]} bxa3 {[%emt 0:00:03]} 22. gxh7+ {[%emt 0:00:04]} Kh8 {[%emt 0:00:01]} 23. Rhg1 {[%emt 0:00:08]} Nc5 {[%emt 0:00:03]} 24. h6 {[%emt 0:00:14]} g6 {[%emt 0:00:01]} 25. Bxc5 {[%emt 0:00:05]} dxc5 {[%emt 0:00:01]} 26. Nxe7 {[%emt 0:00:10]} Qxe7 {[%emt 0:00:01]} 27. bxa3 {[%emt 0:00:12]} Rfb8 {[%emt 0:00:01]} 28. Kb2 {[%emt 0:00:14]} Qb7 {[%emt 0:00:02]} 29. Qc3 {[%emt 0:00:16]} Qc7 {[%emt 0:00:05]} 30. f4 {[%emt 0:00:05]} Kxh7 {[%emt 0:00:01]} 31. fxe5 {[%emt 0:00:03]} a4 {[%emt 0:00:01]} 32. b4 {[%emt 0:00:17]} Qe7 {[%emt 0:00:04]} 33. e6 {[%emt 0:00:06]} cxb4 {[%emt 0:00:02]} 34. Qg7# {[%emt 0:00:01]} 1-0

[Event "11th LCC Super Blitz 2019"]
[Site "London"]
[Date "2019.12.08"]
[Round "3.1"]
[White "Adams, Michael"]
[Black "Klingher, Dominic"]
[Result "1-0"]
[WhiteElo "2701"]
[BlackElo "2071"]
[Annotator "TA"]
[PlyCount "85"]
[EventDate "2019.12.08"]
[EventType "swiss"]
[EventCountry "ENG"]
[SourceTitle "playchess.com"]
[Source "ChessBase"]
[SourceQuality "1"]

{[%evp 18,85,28,35,70,50,79,39,62,69,76,67,73,67,70,33,31,27,31,19,22,20,45,33,34,47,72,74,74,74,126,115,120,135,139,119,208,200,434,291,258,268,265,253,470,410,480,468,707,720,665,621,962,960,964,703,1294,1234,29989,29990,29990,29990,29990,29990,29990,29991,29991,29992,29992,29993]} 1. e4 e6 2. d4 d5 3. Nd2 Nf6 4. e5 Nfd7 5. c3 c5 6. Bd3 Nc6 7. Ne2 cxd4 8. cxd4 f6 9. exf6 Nxf6 10. Nf3 Qa5+ $146 {C06: French Tarrasch: 3...Nf6 4 e5 Nfd7 5 Bd3 main lines} ({Predecessor:} 10... Qc7) 11. Bd2 Qc7 12. Bf4 Qa5+ {White is slightly better.} 13. Nc3 Be7 14. O-O O-O 15. Rc1 Bd7 16. Bg3 (16. a3 {is interesting.} Rac8 17. Ne5 Be8 18. Qd2 Qb6 19. Be3) 16... Nh5 17. a3 Nxg3 18. hxg3 Rf6 19. Bb5 Raf8 20. Ne5 Be8 21. Bxc6 bxc6 22. Na4 $36 {[%mdl 2048] White is really pushing.} Bd6 23. b4 ({Not} 23. Nxc6 $2 Bxc6 24. Rxc6 Bxg3 $1 $19 {[%mdl 512]}) 23... Qd8 (23... Qc7 $142) 24. Qe2 $16 a5 25. Nc5 ({Don't go for} 25. Nxc6 $2 Bxc6 26. b5 Be8 $19) 25... axb4 26. axb4 Rh6 {[#]} (26... Qc8 $16 27. Ra1 Rf5) 27. Nb7 $1 $18 {[%cal Rb7d8]} Bh5 $2 (27... Qb8) 28. Qe3 Qe7 29. Nxd6 Qxd6 30. Nxc6 ({Don't do} 30. Rxc6 $6 Qxb4 31. Rc7 Re8 $18) 30... Bg4 $2 (30... Be8 {was worth a try.}) 31. Ne5 Bf5 32. Rc5 Qb8 (32... Rhf6 $142 33. Ra1 Bg6) 33. b5 Qe8 34. g4 Be4 35. f3 Bg6 36. Rfc1 Qd8 {[#]} 37. Rc8 $1 {[%mdl 512]} Qh4 (37... Qxc8 38. Rxc8) 38. Rxf8+ {White mates.} Kxf8 39. Qa3+ Qe7 40. Rc8+ Be8 41. Qxe7+ Kxe7 42. b6 {[%cal Bb5b6,Bb6b7][%mdl 32]} Rf6 43. b7 {Accuracy: White = 83%, Black = 32%.} 1-0